1890 1603 1995 1016 1980 1517 1197 1313 1271 1374 1439 1622 1706 1172 1834 1735 1378 1447 1217 1394 1173 1953 1830 1424 1123 1639 1784 1719 1761 1190 1387 1317 1263 1138 1227 1678 1443 1771 1896 1373 1994 1582 1272 1266 1192 1627 1381 1344 1709 1125 1014 1337 1433 1730 1302 1348 1114 1072 1232 1419 1795 1003 1990 1821 1832 1635 1749 1303 1079 1512 1136 1677 1791 1637 1088 1447 1101 1059 1800 1790 1827 1477 1397 1758 1814 1858 1130 1200 1285 1945 1893 1255 1843 1085 1195 1274 1300 1597 1531 BCNSPRNW ULIB Ver.6.0+V

เปลี่ยนเป็นภาษาไทย

Change to English
 แสดงรายละเอียดบรรณานุกรม
  กลับหน้าหลัก

Brief Record : Get Marc (ISO 2709) : E-mail record : QR code < ปิดหน้าต่าง
LEADER : 00000nam 2200000uu 4500
001    13399112517
003     ULIB
008    110819s2551||||th 000 0 tha d
020    9789741955572
050 04 LB2822.75^bช283ก 2551
100 0  ชวลิต ชูกำแพง
245 10 การประเมินการเรียนรู้ = Learning assessment /^cชวลิต ชูกำแพง
250    พิมพ์ครั้งที่ 2
260    มหาสารคาม :^bสำนักพิมพ์มหาสารคาม,^c2551
300    175 หน้า ;^c21 ซม
505 2  ความรู้พื้นฐานการประเมินการเรียนรู้ -- การประเมินการเรียนรู้ที่เน้นผู้เรียนเป็นสำคัญและประเมินตามสภาพเป็นจริง -- การหาคุณภาพเครื่องมือการประเมินการเรียนรู้ -- การประเมินเพื่อรู้จักผู้เรียน-- การประเมินด้านพุทธิพิสัย -- การประเมินด้านจิตพิสัย -- การประเมินการปฏิบัติงาน -- การประเมินโดยแฟ้มสะสมผลงาน
650  7 การประเมินผลทางการศึกษา
650  7 การเรียนรู้
945    ^p200^l0^i024233
945    ^p200^l0^i024234
995    ทศพร
999 ^a ทศพร
รายการนี้ยังไม่มีแท็ก
คุณยังไม่ได้ล็อกอิน คุณสามารถมีกิจกรรมร่วมกับเว็บไซต์ได้ แต่ต้องล็อกอินก่อน ::
  ล็อกอิน

รายการสื่อสารสนเทศ

ลำดับที่ ประเภท เลขเรียก/บาร์โค้ด สถานที่ สถานะ
- ไม่พบข้อมูล -

รายการใกล้เคียง
    ผู้แต่ง [ชวลิต ชูกำแพง]

    หัวเรื่อง [การประเมินผลทางการศึกษา]
    หัวเรื่อง [การเรียนรู้]

BibComment


ยังไม่เคยถูกคอมเมนท์

คอมเมนท์ทรัพยากรรายการนี้
  คอมเมนท์: การประเมินการเรีย..


 Copyright 2026. Bcnsprnw @Library